Formula one drivers standings from each season (2015-2024) - Statistics

General Stats
  • This quiz has been taken 214 times
    175 since last reset
  • The average score is 200 of 223
Answer Stats
Year Position Constructor Rounds Driver Points Nationality % Correct
2024 1. Red Bull All Max Verstappen 437 Netherlands
100%
2023 1. Red Bull All Max Verstappen 575 Netherlands
100%
2022 1. Red Bull All Max Verstappen 454 Netherlands
100%
2021 1. Red Bull All Max Verstappen 395,5 Netherlands
100%
2020 3. Red Bull All Max Verstappen 214 Netherlands
100%
2019 3. Red Bull All Max Verstappen 278 Netherlands
100%
2018 4. Red Bull All Max Verstappen 249 Netherlands
100%
2017 6. Red Bull All Max Verstappen 168 Netherlands
100%
2016 5. Red Bull/Toro Rosso All Max Verstappen 204 Netherlands
100%
2015 12. Toro Rosso All Max Verstappen 49 Netherlands
100%
2024 2. McLaren All Lando Norris 374 UK
99%
2023 6. McLaren All Lando Norris 205 UK
99%
2022 7. McLaren All Lando Norris 122 UK
99%
2021 6. McLaren All Lando Norris 160 UK
99%
2020 9. McLaren All Lando Norris 97 UK
99%
2019 11. McLaren All Lando Norris 49 UK
99%
2024 5. Ferrari All* Carlos Sainz 290 Spain
98%
2023 7. Ferrari All Carlos Sainz 200 Spain
98%
2022 5. Ferrari All Carlos Sainz 246 Spain
98%
2021 5. Ferrari All Carlos Sainz 164,5 Spain
98%
2020 6. McLaren All Carlos Sainz 105 Spain
98%
2019 6. McLaren All Carlos Sainz 96 Spain
98%
2018 10. Renault All Carlos Sainz 53 Spain
98%
2017 9. Renault/Toro Rosso All Carlos Sainz 54 Spain
98%
2016 12. Toro Rosso All Carlos Sainz 46 Spain
98%
2015 15. Toro Rosso All Carlos Sainz 18 Spain
98%
2024 3. Ferrari All Charles Leclerc 356 Monaco
98%
2023 5. Ferrari All Charles Leclerc 206 Monaco
98%
2022 2. Ferrari All Charles Leclerc 308 Monaco
98%
2021 7. Ferrari All Charles Leclerc 159 Monaco
98%
2020 8. Ferrari All Charles Leclerc 98 Monaco
98%
2019 4. Ferrari All Charles Leclerc 264 Monaco
98%
2018 13. Sauber All Charles Leclerc 39 Monaco
98%
2024 7. Mercedes All Lewis Hamilton 223 UK
98%
2023 3. Mercedes All Lewis Hamilton 234 UK
98%
2022 6. Mercedes All Lewis Hamilton 240 UK
98%
2021 2. Mercedes All Lewis Hamilton 387,5 UK
98%
2020 1. Mercedes 1-15, 17 Lewis Hamilton 347 UK
98%
2019 1. Mercedes All Lewis Hamilton 413 UK
98%
2018 1. Mercedes All Lewis Hamilton 408 UK
98%
2017 1. Mercedes All Lewis Hamilton 363 UK
98%
2016 2. Mercedes All Lewis Hamilton 380 UK
98%
2015 1. Mercedes All Lewis Hamilton 381 UK
98%
2024 10. Alpine All Pierre Gasly 42 France
98%
2023 11. Alpine All Pierre Gasly 62 France
98%
2022 14. Alpha Tauri All Pierre Gasly 23 France
98%
2021 9. Alpha Tauri All Pierre Gasly 110 France
98%
2020 10. Alpha Tauri All Pierre Gasly 75 France
98%
2019 7. Toro Rosso/Red Bull All Pierre Gasly 95 France
98%
2018 15. Toro Rosso All Pierre Gasly 29 France
98%
2017 21. Toro Rosso 15-16, 18-20 Pierre Gasly 0 France
98%
2024 17. VCARB 1-18 Daniel Ricciardo 12 Australia
97%
2023 17. Alpha Tauri 11-13, 18-22* Daniel Ricciardo 6 Australia
97%
2022 12. McLaren All Daniel Ricciardo 37 Australia
97%
2021 8. McLaren All Daniel Ricciardo 115 Australia
97%
2020 5. Renault All Daniel Ricciardo 119 Australia
97%
2019 9. Renault All Daniel Ricciardo 54 Australia
97%
2018 6. Red Bull All Daniel Ricciardo 170 Australia
97%
2017 5. Red Bull All Daniel Ricciardo 200 Australia
97%
2016 3. Red Bull All Daniel Ricciardo 256 Australia
97%
2015 8. Red Bull All Daniel Ricciardo 92 Australia
97%
2024 14. Alpine 1-23 Esteban Ocon 23 France
97%
2023 12. Alpine All Esteban Ocon 58 France
97%
2022 8. Alpine All Esteban Ocon 92 France
97%
2021 11. Alpine All Esteban Ocon 74 France
97%
2020 12. Renault All Esteban Ocon 62 France
97%
2018 12. Force India/Racing Point All Esteban Ocon 49 France
97%
2017 8. Force India All Esteban Ocon 87 France
97%
2016 23. Manor 13-21 Esteban Ocon 0 France
97%
2024 9. Aston Martin All Fernando Alonso 70 Spain
97%
2023 4. Aston Martin All Fernando Alonso 206 Spain
97%
2022 9. Alpine All Fernando Alonso 81 Spain
97%
2021 10. Alpine All Fernando Alonso 81 Spain
97%
2018 11. McLaren All Fernando Alonso 50 Spain
97%
2017 15. McLaren 1-5, 7-20 Fernando Alonso 17 Spain
97%
2016 10. McLaren 1, 3-21 Fernando Alonso 54 Spain
97%
2015 17. McLaren 2-19 Fernando Alonso 11 Spain
97%
2024 6. Mercedes All George Russell 245 UK
97%
2023 8. Mercedes All George Russell 175 UK
97%
2022 4. Mercedes All George Russell 275 UK
97%
2021 15. Williams All George Russell 16 UK
97%
2020 18. Williams/Mercedes All George Russell 3 UK
97%
2019 20. Williams All George Russell 0 UK
97%
2024 13. Aston Martin All Lance Stroll 24 Canada
97%
2023 10. Aston Martin All* Lance Stroll 74 Canada
97%
2022 15. Aston Martin All Lance Stroll 18 Canada
97%
2021 13. Aston Martin All Lance Stroll 34 Canada
97%
2020 11. Racing Point All* Lance Stroll 75 Canada
97%
2019 15. Racing Point All Lance Stroll 21 Canada
97%
2018 18. Williams All Lance Stroll 6 Canada
97%
2017 12. Williams All Lance Stroll 40 Canada
97%
2024 4. McLaren All Oscar Piastri 292 Australia
97%
2023 9. McLaren All Oscar Piastri 97 Australia
97%
2024 8. Red Bull All Sergio Pérez 152 Mexico
97%
2023 2. Red Bull All Sergio Pérez 285 Mexico
97%
2022 3. Red Bull All Sergio Pérez 305 Mexico
97%
2021 4. Red Bull All Sergio Pérez 190 Mexico
97%
2020 4. Racing Point 1-4, 6-17* Sergio Pérez 125 Mexico
97%
2019 10. Racing Point All Sergio Pérez 52 Mexico
97%
2018 8. Force India/Racing Point All Sergio Pérez 62 Mexico
97%
2017 7. Force India All Sergio Pérez 100 Mexico
97%
2016 7. Force India All Sergio Pérez 101 Mexico
97%
2015 9. Force India All Sergio Pérez 78 Mexico
97%
2024 16. Williams All Alexander Albon 12 Thailand
96%
2023 13. Williams All Alexander Albon 27 Thailand
96%
2022 19. Williams All* Alexander Albon 4 Thailand
96%
2020 7. Red Bull All Alexander Albon 105 Thailand
96%
2019 8. Toro Rosso/Red Bull All Alexander Albon 92 Thailand
96%
2024 15. Haas 1-16, 18-24* Kevin Magnussen 16 Denmark
96%
2023 19. Haas All Kevin Magnussen 3 Denmark
96%
2022 13. Haas All Kevin Magnussen 25 Denmark
96%
2020 20. Haas All Kevin Magnussen 1 Denmark
96%
2019 16. Haas All Kevin Magnussen 20 Denmark
96%
2018 9. Haas All Kevin Magnussen 56 Denmark
96%
2017 14. Haas All Kevin Magnussen 19 Denmark
96%
2016 16. Renault All Kevin Magnussen 7 Denmark
96%
2015 22. (McLaren) 1 Kevin Magnussen 0 Denmark
96%
2024 12. VCARB All Yuki Tsunoda 30 Japan
96%
2023 14. Alpha Tauri All Yuki Tsunoda 17 Japan
96%
2022 17. Alpha Tauri All Yuki Tsunoda 12 Japan
96%
2021 14. Alpha Tauri All Yuki Tsunoda 32 Japan
96%
2024 20. Stake All Guanyu Zhou 4 China
95%
2023 18. Alfa Romeo All Guanyu Zhou 6 China
95%
2022 18. Alfa Romeo All Guanyu Zhou 6 China
95%
2024 11. Haas All Nico Hülkenberg 41 Germany
95%
2023 16. Haas All Nico Hülkenberg 9 Germany
95%
2022 22. Aston Martin 1-2 Nico Hülkenberg 0 Germany
95%
2020 15. Racing Point 4-5, 11 Nico Hülkenberg 10 Germany
95%
2019 14. Renault All Nico Hülkenberg 37 Germany
95%
2018 7. Renault All Nico Hülkenberg 69 Germany
95%
2017 10. Renault All Nico Hülkenberg 43 Germany
95%
2016 9. Force India All Nico Hülkenberg 72 Germany
95%
2015 10. Force India All Nico Hülkenberg 58 Germany
95%
2024 22. Stake All Valtteri Bottas 0 Finland
95%
2023 15. Alfa Romeo All Valtteri Bottas 10 Finland
95%
2022 10. Alfa Romeo All Valtteri Bottas 49 Finland
95%
2021 3. Mercedes All Valtteri Bottas 226 Finland
95%
2020 2. Mercedes All Valtteri Bottas 223 Finland
95%
2019 2. Mercedes All Valtteri Bottas 326 Finland
95%
2018 5. Mercedes All Valtteri Bottas 247 Finland
95%
2017 3. Mercedes All Valtteri Bottas 305 Finland
95%
2016 8. Williams All Valtteri Bottas 85 Finland
95%
2015 5. Williams All Valtteri Bottas 136 Finland
95%
2024 19. Williams 16-24 Franco Colapinto 5 Argentina
93%
2021 16. Alfa Romeo 11-13, 15-22* Kimi Räikkönen 10 Finland
93%
2020 16. Alfa Romeo All Kimi Räikkönen 4 Finland
93%
2019 12. Alfa Romeo All Kimi Räikkönen 43 Finland
93%
2018 3. Ferrari All Kimi Räikkönen 251 Finland
93%
2017 4. Ferrari All Kimi Räikkönen 205 Finland
93%
2016 6. Ferrari All Kimi Räikkönen 186 Finland
93%
2015 4. Ferrari All Kimi Räikkönen 150 Finland
93%
2024 21. VCARB 19-24 Liam Lawson 4 New Zealand
93%
2023 20. Alpha Tauri 13-17 Liam Lawson 2 New Zealand
93%
2024 18. Haas/Ferrari 2, 17, 21 Oliver Bearman 7 UK
93%
2020 19. Haas 1-15 Romain Grosjean 2 France
93%
2019 18. Haas All Romain Grosjean 8 France
93%
2018 14. Haas All Romain Grosjean 37 France
93%
2017 13. Haas All Romain Grosjean 28 France
93%
2016 13. Haas All Romain Grosjean 29 France
93%
2015 11. Lotus All Romain Grosjean 51 France
93%
2022 11. Aston Martin 3-22 Sebastian Vettel 37 Germany
93%
2021 12. Aston Martin All Sebastian Vettel 43 Germany
93%
2020 13. Ferrari All Sebastian Vettel 33 Germany
93%
2019 5. Ferrari All Sebastian Vettel 240 Germany
93%
2018 2. Ferrari All Sebastian Vettel 320 Germany
93%
2017 2. Ferrari All Sebastian Vettel 317 Germany
93%
2016 4. Ferrari All Sebastian Vettel 212 Germany
93%
2015 3. Ferrari All Sebastian Vettel 278 Germany
93%
2024 23. Williams 1-15 Logan Sargeant 0 USA
91%
2023 21. Williams All Logan Sargeant 1 USA
91%
2021 18. Alfa Romeo All Antonio Giovinazzi 3 Italy
90%
2020 17. Alfa Romeo All Antonio Giovinazzi 4 Italy
90%
2019 17. Alfa Romeo All Antonio Giovinazzi 14 Italy
90%
2017 22. Sauber 1-2 Antonio Giovinazzi 0 Italy
90%
2020 14. Alpha Tauri All Daniil Kvyat 32 Russia
89%
2019 13. Toro Rosso All Daniil Kvyat 37 Russia
89%
2017 19. Toro Rosso 1-14, 17 Daniil Kvyat 5 Russia
89%
2016 14. Red Bull/Toro Rosso All Daniil Kvyat 25 Russia
89%
2015 7. Red Bull All Daniil Kvyat 95 Russia
89%
2022 16. Haas All* Mick Schumacher 12 Germany
89%
2021 19. Haas All Mick Schumacher 0 Germany
89%
2022 20. Williams All Nicolas Latifi 2 Canada
88%
2021 17. Williams All Nicolas Latifi 7 Canada
88%
2020 21. Williams All Nicolas Latifi 0 Canada
88%
2024 24. Alpine 24 Jack Doohan 0 Australia
87%
2017 11. Williams All* Felipe Massa 43 Brazil
86%
2016 11. Williams All Felipe Massa 53 Brazl
86%
2015 6. Williams All Felipe Massa 121 Brazil
86%
2016 1. Mercedes All Nico Rosberg 385 Germany
86%
2015 2. Mercedes All Nico Rosberg 322 Germany
86%
2023 22. Alpha Tauri 1-10 Nyck de Vries 0 Netherlands
86%
2022 21. Williams 16 Nyck de Vries 2 Netherlands
86%
2021 21. Haas All* Nikita Mazepin 0 Russia
85%
2021 20. Alfa Romeo 13-14 Robert Kubica 0 Poland
85%
2019 19. Williams All Robert Kubica 1 Poland
85%
2017 24. McLaren 6 Jenson Button 0 UK
75%
2016 15. McLaren All Jenson Button 21 UK
75%
2015 16. McLaren All Jenson Button 16 UK
75%
2018 16. McLaren All Stoffel Vandoorne 12 Belgium
68%
2017 16. McLaren All Stoffel Vandoorne 13 Belgium
68%
2016 20. McLaren 2 Stoffel Vandoorne 1 Belgium
68%
2015 14. Lotus All Pastor Maldonado 27 Venezuela
63%
2020 23. Haas 16-17 Pietro Fittipaldi 0 Brazil
63%
2018 17. Sauber All Marcus Ericsson 9 Sweden
61%
2017 20. Sauber All Marcus Ericsson 0 Sweden
61%
2016 22. Sauber All Marcus Ericsson 0 Sweden
61%
2015 18. Sauber All Marcus Ericsson 9 Sweden
61%
2018 20. Williams All Sergey Sirotkin 1 Russia
51%
2018 19. Toro Rosso All Brendon Hartley 4 New Zealand
50%
2017 23. Toro Rosso 17-20 Brendon Hartley 0 New Zealand
50%
2017 17. Renault 1-16 Jolyon Palmer 8 UK
48%
2016 18. Renault All Jolyon Palmer 1 UK
48%
2016 21. Haas All Esteban Gutiérrez 0 Mexico
43%
2017 18. Sauber 1, 3-20* Pascal Wehrlein 5 Germany
42%
2016 19. Manor All Pascal Wehrlein 1 Germany
42%
2020 22. Williams 16 Jack Aitken 0 UK
37%
2016 17. Sauber All Felipe Nasr 2 Brazil
33%
2015 13. Sauber All Felipe Nasr 27 Brazil
33%
2017 25. Williams 11 Paul di Resta 0 UK
33%
2016 24. Manor 1-12 Rio Haryanto 0 Indonesia
32%
2015 20. Manor Marussia 13-14, 16-18 Alexander Rossi 0 USA
30%
2015 21. Manor Marussia All* Will Stevens 0 UK
26%
2015 19. Manor Marussia 1-12, 15, 19* Roberto Merhi 0 Spain
23%
No matching quizzes found
Score Distribution
Percent of People with Each Score
Percentile by Number Answered
Your Score History
You have not taken this quiz since the last reset